Viaje de un naturalista alrededor del mundo (Record no. 51903)
[ view plain ]
| 000 -LEADER | |
|---|---|
| campo de control de longitud fija | 00764nam a2200217 i 4500 |
| 001 - NÚMERO DE CONTROL | |
| campo de control | 51903 |
| 003 - IDENTIFICADOR DE NÚMERO DE CONTROL | |
| campo de control | ES-MaACL |
| 005 - FECHA Y HORA DE LA ÚLTIMA TRANSACCIÓN | |
| campo de control | 20250815062636.0 |
| 007 - CAMPO FIJO DE DESCRIPCIÓN FÍSICA--INFORMACIÓN GENERAL | |
| campo de control de longitud fija | t| |
| 008 - DATOS DE LONGITUD FIJA--INFORMACIÓN GENERAL | |
| campo de control de longitud fija | 030820s1899 sp ||||1| spa d |
| 100 1# - ENTRADA PRINCIPAL--NOMBRE DE PERSONA | |
| Nombre de persona | Darwin, Charles, |
| Fechas asociadas al nombre | 1809-1882 |
| 9 (RLIN) | 42770 |
| 245 10 - MENCIÓN DEL TÍTULO | |
| Título | Viaje de un naturalista alrededor del mundo |
| Resto del título | : . Tomo primero / |
| Mención de responsabilidad, etc. | por Carlos Darwin. |
| 260 ## - PUBLICACIÓN, DISTRIBUCIÓN, ETC. | |
| Lugar de publicación, distribución, etc. | Madrid : |
| Nombre del editor, distribuidor, etc. | La España Moderna, |
| Fecha de publicación, distribución, etc. | 1899 ( |
| Fabricante | Agustín Avrial) |
| 300 ## - DESCRIPCIÓN FÍSICA | |
| Extensión | 251 p. ; |
| Dimensiones | 23 cm. |
| 490 1# - MENCIÓN DE SERIE | |
| Mención de serie | Biblioteca de jurisprudencia, filosofía e historia |
| 611 2# - PUNTO DE ACCESO ADICIONAL DE MATERIA--NOMBRE DE REUNIÓN/CONGRESO | |
| Nombre de congreso/reunión o jurisdicción como elemento de entrada | Beagle Expedition. |
| Fecha del congreso o de la firma del tratado | (1831-1836) |
| 9 (RLIN) | 39 |
| 651 #4 - PUNTO DE ACCESO ADICIONAL DE MATERIA--NOMBRE GEOGRÁFICO | |
| Nombre geográfico | América del Sur- |
| Subdivisión general | Descripción. |
| 9 (RLIN) | 7712 |
| 830 00 - PUNTO DE ACCESO ADICIONAL DE SERIE-TÍTULO UNIFORME | |
| Título uniforme | Biblioteca de jurisprudencia, filosofía e historia |
| 9 (RLIN) | 180691 |
| 852 ## - LOCALIZACIÓN | |
| Ubicación | ES-MaACL |
| Número de control de estantería | C-7304 |
| Estatus retirado | Estado de pérdida | Estado de daño | No para préstamo | Colección | Biblioteca de origen | Biblioteca actual | Ubicación en estantería | Fecha de adquisición | Fuente de adquisición | Total de préstamos | Signatura topográfica completa | Código de barras | Visto por última vez | Precio de reemplazo | Tipo de ítem Koha |
|---|---|---|---|---|---|---|---|---|---|---|---|---|---|---|---|
| Libros del s. XIX | Biblioteca del Ateneo de Madrid | Biblioteca del Ateneo de Madrid | Sala Palomar | 17/01/2008 | C-7304 | 1054572 | 23/02/2023 | 23/02/2023 | Libro impreso antiguo |
